00273nam a22001097a 4500008004100000020001500041082001800056245002700074260004700101300000800148440000700156230623b xxu||||| |||| 00| 0 eng d a9966900683 a330bMAG 1998 aFemale Labour in Sudan bAfrican Economic Research Consortiumc1998 a25p n30